The Dawn of Tagalog Fiction (Record no. 353549)
[ view plain ]
| 000 -LEADER | |
|---|---|
| fixed length control field | 00319nam a2200121Ia 4500 |
| 008 - FIXED-LENGTH DATA ELEMENTS--GENERAL INFORMATION | |
| fixed length control field | 180117s9999 xx 000 0 und d |
| 100 ## - MAIN ENTRY--PERSONAL NAME | |
| Personal name | by Efren R Abueg |
| 245 #4 - TITLE STATEMENT | |
| Title | The Dawn of Tagalog Fiction |
| 260 ## - PUBLICATION, DISTRIBUTION, ETC. (IMPRINT) | |
| Date of publication, distribution, etc | 2017 |
| 300 ## - PHYSICAL DESCRIPTION | |
| Extent | 17-20 pages, 2017 April 16 |
| 440 ## - SERIES STATEMENT/ADDED ENTRY--TITLE | |
| Title | Philippine Panorama |
| 650 ## - SUBJECT ADDED ENTRY--TOPICAL TERM | |
| Topical term or geographic name as entry element | TAGALOG FICTION |
| Withdrawn status | Lost status | Damaged status | Home library | Current library | Date acquired | Total Checkouts | Date last seen | Price effective from | Koha item type |
|---|---|---|---|---|---|---|---|---|---|
| College Library | College Library | 01/17/2018 | 01/17/2018 | 01/17/2018 | Periodicals |